000 01025cam a22002054a 4500
005 20250605163931.0
008 250528s ||||||||||||||||||||||||d
035 _a14703
020 _a202302601
040 _aGR-AtMCL
_bgre
_dGR-AtMCL
_eAACR2
245 1 _aThe Discovery of Grounded Theory / Strategies for Qualitative Research
260 _bA Macfadden-Bartell Book,
_c1967
300 _a274
520 _aThe Discovery of Grounded Theory, Generating Theory by Comparative Analysis, Generating Theory, Theoretical Sampling, From Substanctive to Formal Theory, The Constant Comparative Method of Qualitative Analysis, Clarifying and Assessing Comparative Studies, The Flexible Use of Data, New Sources for Qualitative Data, Theoretical Elaboration of Quantitative Data, Implications of Grounded Theory, The Credibility of Grounded Theory, Insight and Theory Development, Epilogue, Index.
700 1 _aGlasser Barney G
_9449
700 1 _aStrauss Anselm L
_9450
942 _cBK
999 _c324
_d324